| 000 | 01358nam0a2200349 4500 | ||
|---|---|---|---|
| 001 | RU\NLR\bibl\1746247 | ||
| 005 | 20250616114730.0 | ||
| 010 |
_a978-5-905173-06-6 _9100 |
||
| 021 |
_aRU _b2011-10461 _9746 |
||
| 035 | _a(nilc)RSL-KNO-004894237 | ||
| 035 | _a(NLR Aleph) 001737142 | ||
| 090 |
_a1436246 _c1436246 |
||
| 100 | _a20110221d2010 |||y0rusy50 ca | ||
| 101 | 0 | _arus | |
| 102 | _aRU | ||
| 105 | _ag ||||||||| | ||
| 200 | 1 |
_aАрфовое искусство России первой половины XX века _e(творчество, исполнительство) _fМ. М. Подгузова |
|
| 210 |
_aМосква _cЭдитус _d2010 |
||
| 215 |
_a209 с. _cнот. _d21 |
||
| 320 | _aБиблиогр.: с. 154-161 и в подстроч. примеч. | ||
| 606 | 1 |
_aАрфовое искусство _yСССР _92624028 _3RU\NLR\auth\661560588 |
|
| 686 |
_aЩ315.61-73(2Р=Р)7-86Эрдели К.А.4,0 _2rubbk |
||
| 686 |
_aЩ315.61-03(2Р=Р)7,0 _2rubbk |
||
| 686 |
_aЩ313(2Р=Р)7-81Рогаль-Левицкий Д.Р.4,0 _2rubbk |
||
| 686 | _aЩ313(2Р=Рус)7-457.7 | ||
| 700 | 1 |
_aПодгузова _bМ. М. _gМарина Михайловна _4070 |
|
| 801 | 0 |
_aRU _bRuMoRKP _c20110221 _grcr |
|
| 801 | 1 |
_aRU _bRuMoRGB _c20110221 |
|
| 801 | 2 |
_aRU _bNLR _c20110315 _grcr |
|
| 942 | _cBOOK | ||
| 980 | _aNB | ||